000 00506nam a22001697a 4500
005 20251108164808.0
008 250721s1995 xx 000 0 ara d
082 1 4 _a810.905/محم
100 1 _aعناني، محمد زكريا
245 1 0 _aفي الأدب الأندلسي /
264 1 _aالإسكندرية :
_bدار المعرفة الجامعية،
_c1995.
300 _a274 ص
650 1 7 _aالأدب العربي
650 1 7 _aالنقد الأدبي
942 _2ddc
_cBK
999 _c14561
_d14561